University Home | Library Home | Institutional Repository

Revista Mexicana de astronomia y astrofisica (Record no. 9605)

MARC details
000 -LEADER
fixed length control field 00480cas a2200145 4500
008 - FIXED-LENGTH DATA ELEMENTS--GENERAL INFORMATION
fixed length control field 140612n eng u
022 ## - INTERNATIONAL STANDARD SERIAL NUMBER
International Standard Serial Number 1405-2059
035 ## - SYSTEM CONTROL NUMBER
System control number (Sirsi) a184205
245 ## - TITLE STATEMENT
Title Revista Mexicana de astronomia y astrofisica
260 ## - PUBLICATION, DISTRIBUTION, ETC.
Place of publication, distribution, etc. Mexico
Name of publisher, distributor, etc. Instituto de astronomia
Date of publication, distribution, etc. 2016
310 ## - CURRENT PUBLICATION FREQUENCY
Current publication frequency Irregular
362 ## - DATES OF PUBLICATION AND/OR SEQUENTIAL DESIGNATION
Dates of publication and/or sequential designation Vol. 47, 2016 - Vol. 48, 2016
520 ## - SUMMARY, ETC.
Summary, etc. The journal Comprises of astronomy and astrophysical related fields.
650 ## - SUBJECT ADDED ENTRY--TOPICAL TERM
Topical term or geographic name entry element Astronomy. Astrophysics.
Holdings
Withdrawn status Lost status Source of classification or shelving scheme Damaged status Not for loan Home library Current library Shelving location Total Checkouts Full call number Barcode Date last seen Copy number Price effective from Koha item type
    Library of Congress Classification     Main Library Main Library Serials   QB1.R385 2059472016 08/12/2019 1 08/12/2019 Periodical
    Library of Congress Classification     Main Library Main Library Serials   QB1.R385 2059482016 08/12/2019 2 08/12/2019 Periodical
© 2026 - The University of Zambia Library - Koha v25.11